Patología general y Clínica Propedeútica. (Record no. 93855)

MARC details
000 -LEADER
campo de control de longitud fija 00525nam a2200157 i 4500
001 - NÚMERO DE CONTROL
campo de control 93855
003 - IDENTIFICADOR DE NÚMERO DE CONTROL
campo de control ES-MaACL
007 - CAMPO FIJO DE DESCRIPCIÓN FÍSICA--INFORMACIÓN GENERAL
campo de control de longitud fija t|
008 - DATOS DE LONGITUD FIJA--INFORMACIÓN GENERAL
campo de control de longitud fija 050421s1955 sp ||||1| spa d
100 1# - ENTRADA PRINCIPAL--NOMBRE DE PERSONA
Nombre de persona López de Letona, Angel.
9 (RLIN) 73565
245 10 - MENCIÓN DEL TÍTULO
Título Patología general y Clínica Propedeútica.
Número de parte o sección de la obra , . Tomo I,
Nombre de parte o sección de la obra Etiología general, Patología de la nutrición /
Mención de responsabilidad, etc. Angel López de Letona.
250 ## - MENCION DE EDICION
Mención de edición 2ª ed.
260 ## - PUBLICACIÓN, DISTRIBUCIÓN, ETC.
Lugar de publicación, distribución, etc. Valladolid :
Nombre del editor, distribuidor, etc. Sever,
Fecha de publicación, distribución, etc. 1955.
300 ## - DESCRIPCIÓN FÍSICA
Extensión 1010 p., 3 h. :
Otras características físicas il. ;
Dimensiones 21 cm.
852 ## - LOCALIZACIÓN
Ubicación ES-MaACL
Número de control de estantería E-3469
Sublocalización o colección R.44135
Holdings
Estatus retirado Estado de pérdida Estado de daño No para préstamo Biblioteca de origen Biblioteca actual Ubicación en estantería Fecha de adquisición Fuente de adquisición Total de préstamos Signatura topográfica completa Código de barras Visto por última vez Precio de reemplazo Tipo de ítem Koha
        Biblioteca del Ateneo de Madrid Biblioteca del Ateneo de Madrid Depósito 2 17/01/2008     E-3469 1098020 23/02/2023 23/02/2023 Libro impreso